Datum a čas kvízu
22.5
Celkem bodů
Celkový počet nahraných bodů na tomto kvízu bez doplňovacích otázek.
11.
Pořadí na kvízu
Konečné umístění týmu na tomto kvízu.
Zaznamenané odpovědi
| # | Otázka | Odpověď | Body | Výsledky |
|---|---|---|---|---|
| 1. | Minulý týden připravili pracov... | D) šaliny | 0 | |
| 2. | Konverzační robot umělé inteli... | Adolfa Hitlera | 1 | |
| 3. | Slavná polská režisérka Agnies... | Franz | 0 | |
| 4. | Nedávno jsme se zmiňovali o ak... | moa, Nový Zéland | 0 | |
| 5. | V pátek se v Monaku konal dalš... | skok vysoký | 1 | |
| 6. | Tento snímek pochází z národní... | Žofínský prales | 0 | |
| 7. | Rejvíz je národní přírodní rez... | A) Jeseníků | 1 | |
| 8. | Tuto přírodní rezervaci najdem... | Prachovské skály | 0 | |
| 9. | Nyní se podíváme na nejdelší j... | Koněpruské jeskyně | 0 | |
| 10. | Zde vidíme výhled z rozhledny... | Králický Sněžník | 0 |